LEADER 01843nam a2200385 a 4500 001 000000105519 003 CaOOAMICUS 005 20100820100842.0 008 070608m20062009it 000 u ita r 020 $z88-926-23-2* 020 $z978-88-88926-53-7 (v. 2)* 040 $aPUL$bita$dLDB$dReb 082 04$a190.9 100 1 $aRossi, Roberto.$0(OLS)http://pul/name/43631 245 13$aLe ideologie del Novecento da Nietzsche e Löwith /$cRoberto Rossi. 260 $aRoma :$bLeonardo da Vinci,$c©2006-2009. 300 $a2 v. ;$c25 cm 490 1 $aPropedeutica filosofica ;$v9/1 ; 9/2 504 $aInclude riferimenti bibliografici ed indice. 505 1 $av. 1. Il pensiero della verità. -- v. 2. La diaspora culturale. 650 4$aFilosofia$ySec. XX.$0(OLS)http://pul/subject/1924 740 32$aLa diaspora culturale. 740 32$aIl pensiero della verità. 830 0$aPropedeutica filosofica ;$v9/1 ; 9/2.$0(OLS)http://pul/title/132812 850 $aPUL 852 $aPUL$W1$xSL Cons. Gen., Altre Classi 3$y75$m940 ROSRO 1$j118253$av. 1$qDDC 21$B118154$CPULBib$Z2$F118154 $H101877 $82 852 $aPUL$W1$xSL Cons. Gen., Altre Classi 3$y75$m940 ROSRO 2$j140879$av. 2$qDDC 21$B139959$CPULBib$Z2$F139959 $H114687 $82 941 1 $a9 996 $6020$z88-926-23-2*$9(OLS)http://pul/number/134716 996 $6020$z978-88-88926-53-7 (v. 2)*$9(OLS)http://pul/number/145078 996 $6082$a190.9$9(OLS)http://pul/classification/654 996 $6245$aLe ideologie del Novecento da Nietzsche e Löwith$9(OLS)http://pul/title/132811 996 $6740$aLa diaspora culturale$9(OLS)http://pul/title/154580 996 $6740$aIl pensiero della verità$9(OLS)http://pul/title/154581 996 $6260$aRoma :$bLeonardo da Vinci$9(OLS)http://pul/publisher/51778 LEADER 01755nam a2200385 a 4500 001 000000149406 003 CaOOAMICUS 005 20160310153348.0 008 160215s2012 it u000 u ita r 020 $a978-88-215-7479-5* 032 $aLibriCat 040 $aPUL$bita 041 1 $aita$aheb 082 04$a224 130 0 $aBiblia.$pV.T.$pAbdias.$0(OLS)http://pul/title/96582 245 10$aAbdia, Giona, Michea /$cintroduzione, traduzione e commento a cura di Donatella Scaiola. 260 $aCinisello Balsamo :$bSan Paolo,$c2012. 300 $a167 p. ;$c22 cm. 490 1 $aNuova versione della Bibbia dai testi antichi ;$v15 546 $aTesto in ebraico con traduzione italiana, introduzione e commento in italiano. 630 04$aBiblia.$pV.T.$pMichaeas$xCommenti.$0(OLS)http://pul/subject/630 630 04$aBiblia.$pV.T.$pIonas$xCommenti.$0(OLS)http://pul/subject/632 630 04$aBiblia.$pV.T.$pAbdias$xCommenti.$0(OLS)http://pul/subject/631 700 1 $aScaiola, Donatella,$d1958-$0(OLS)http://pul/name/48414 730 02$aBiblia.$pV.T. $pIonas.$0(OLS)http://pul/title/188362 730 02$aBiblia. $pV.T.$pMichaeas.$0(OLS)http://pul/title/189405 830 0$aNuova versione della Bibbia dai testi antichi ;$v15.$0(OLS)http://pul/title/156526 850 $aPUL 852 $aPUL$W1$xSL Religione 3$y85$m224 SCADO 2$j172051$qDDC 21$B173669$CPULBib$Z2$F173669 $H127051 $81 941 1 $a9 996 $6020$a978-88-215-7479-5*$9(OLS)http://pul/number/159690 996 $6082$a224$9(OLS)http://pul/classification/484 996 $6245$aAbdia, Giona, Michea$9(OLS)http://pul/title/188364 996 $6260$aCinisello Balsamo :$bSan Paolo$9(OLS)http://pul/publisher/54577